000 00729nam a2200265Ia 4500
003 OSt
005 20220924122351.0
006 a|||||r|||| 00| 0
007 ta
008 220923b |||||||| |||| 00| 0 urd d
020 _c60
024 _a322524
037 _cTextual
040 _aARTS
_cARTS
_burd
041 _2urd
_aurd
082 _aU8.44Q768.N85, 168M9
100 _aTarar Mustansir Hussain Au.
_9189262
245 0 _aSafar shumal ke
260 _aLahore
_bSang-e-meel publications Pakistan
_c1989
300 _a196p.
_ccm.
650 _a TRAVEL
650 _aGEOGRAPHY
942 _hU8.44Q768.N85, 168M9
_cTEXL
_2CC
999 _c411359
_d411359